[Event "FICGS class D 000252 email"]
[Site "FICGS email"]
[Date "2019.02.07"]
[Round "1"]
[White "Zmolil, Karel"]
[Black "Higuita, Henry"]
[Result "0-1"]
[WhiteElo "1645"]
[BlackElo "1683"]
[PlyCount "60"]
[EventDate "2019.??.??"]
[EventType "tourn (corr)"]
[EventRounds "6"]
[SourceTitle "Corr 2022"]
[Source "ChessBase"]
[SourceDate "2021.10.24"]
[SourceVersion "1"]
[SourceVersionDate "2021.10.24"]
[SourceQuality "1"]

1. e4 e5 2. Nf3 Nc6 3. Bb5 Nge7 4. 0-0 a6 5. Ba4 b5 6. Bb3 h6 7. d4 exd4 8. Nxd4 Nxd4 9. Qxd4 Nc6 10. Qd5 Qf6 11. Nc3 Bb7 12. Qd3 Ne5 13. Qe2 Bc5 14. Nd5 Bxd5 15. exd5 0-0 16. Be3 Ba7 17. Bxa7 Rxa7 18. c3 d6 19. Rad1 Raa8 20. f4 Ng6 21. g3 Rfe8 22. Qf3 Re7 23. Rde1 Rae8 24. Kf2 Nf8 25. Bc2 Nd7 26. Qd3 g6 27. Qd2 Ne5 28. Bb3 Ng4+ 29. Kg1 h5 30. Rxe7 Rxe7 0-1

[Event "FICGS class D 000231 email"]
[Site "FICGS email"]
[Date "2016.10.07"]
[Round "1"]
[White "Higuita, Henry"]
[Black "Pintor, Manuel Abranches"]
[Result "1/2-1/2"]
[WhiteElo "1699"]
[BlackElo "1790"]
[PlyCount "192"]
[EventDate "2016.??.??"]
[EventType "tourn (corr)"]
[EventRounds "6"]
[SourceTitle "Corr 2022"]
[Source "ChessBase"]
[SourceDate "2021.10.24"]
[SourceVersion "1"]
[SourceVersionDate "2021.10.24"]
[SourceQuality "1"]

1. e4 e5 2. Nf3 Nc6 3. Bc4 Bc5 4. 0-0 Qf6 5. d3 h6 6. Nc3 Nge7 7. a3 d6 8. h3 0-0 9. Be3 Nd4 10. Bxd4 Bxd4 11. Nxd4 exd4 12. Ne2 c5 13. Ng3 Ng6 14. b4 Nf4 15. Kh2 Qh4 16. Nf5 Bxf5 17. exf5 Rae8 18. Qg4 Qxg4 19. hxg4 Ne2 20. g3 a6 21. Bd5 Re7 22. Kg2 Rfe8 23. Bf3 Nc3 24. Rh1 f6 25. Rhc1 b5 26. Rf1 Kf8 27. Bc6 Rc8 28. Bf3 c4 29. Rfc1 Rcc7 30. Kf1 Na4 31. dxc4 Rxc4 32. Be2 Rc3 33. Ra2 Nb6 34. Bd3 Nd5 35. Raa1 Nb6 36. Rd1 Nc4 37. Bxc4 Rxc4 38. Ra2 Re4 39. Rd3 Rxg4 40. Kg2 Rg5 41. Rf3 Rc3 42. Rf4 Rc4 43. Kf3 d5 44. g4 h5 45. gxh5 Rxh5 46. Kg2 Rg5+ 47. Kf1 Kf7 48. Ke1 g6 49. fxg6+ Kxg6 50. Rf3 f5 51. Kd2 Rg4 52. Ra1 Kg5 53. Re1 Re4 54. Rg1+ Rg4 55. Rh1 a5 56. bxa5 Ra4 57. Rh8 Rxa5 58. Rd8 b4 59. axb4 Rb5 60. Rb3 Rf4 61. Rg8+ Kf6 62. Ke2 Re4+ 63. Kd2 f4 64. Kd3 Kf5 65. Kd2 Rb6 66. b5 Re7 67. Kd3 Reb7 68. Kxd4 Rxb5 69. Rxb5 Rxb5 70. f3 Ke6 71. Rf8 Rb4+ 72. Kd3 Ke5 73. Re8+ Kf6 74. c3 Ra4 75. Rd8 Ke5 76. Re8+ Kf6 77. Rd8 Ke6 78. Re8+ Kd7 79. Re5 Kd6 80. Re8 Ra1 81. Rf8 Ke5 82. Re8+ Kf5 83. Rd8 Ke6 84. Rf8 Ke5 85. Re8+ Kd6 86. Rf8 Ra4 87. Rd8+ Kc6 88. Rg8 Kc5 89. Rc8+ Kb5 90. Rf8 Rc4 91. Rb8+ Kc6 92. Rc8+ Kb5 93. Rd8 Kc6 94. Rc8+ Kb5 95. Rd8 Kc5 96. Rc8+ Kb5 1/2-1/2

[Event "FICGS class D 000231 email"]
[Site "FICGS email"]
[Date "2016.10.07"]
[Round "1"]
[White "Higuita, Henry"]
[Black "Ramos, Francisco Miguel R"]
[Result "1-0"]
[WhiteElo "1699"]
[BlackElo "1627"]
[PlyCount "43"]
[EventDate "2016.??.??"]
[EventType "tourn (corr)"]
[EventRounds "6"]
[SourceTitle "Corr 2022"]
[Source "ChessBase"]
[SourceDate "2021.10.24"]
[SourceVersion "1"]
[SourceVersionDate "2021.10.24"]
[SourceQuality "1"]

1. e4 c5 2. Bc4 e6 3. Nf3 a6 4. a3 Nc6 5. 0-0 Bd6 6. Nc3 b5 7. Be2 Qc7 8. h3 Bb7 9. d3 Nge7 10. d4 cxd4 11. Nxd4 Nxd4 12. Qxd4 Be5 13. Qe3 0-0 14. Bd2 d5 15. exd5 Nxd5 16. Nxd5 Bxd5 17. Bd3 g6 18. f4 Bxb2 19. Rab1 Bxa3 20. Kh1 Qc6 21. Qg3 Rfd8 22. Rf2 1-0

[Event "FICGS class D 000231 email"]
[Site "FICGS email"]
[Date "2016.10.07"]
[Round "1"]
[White "Ropokis, Dimitrios"]
[Black "Higuita, Henry"]
[Result "1-0"]
[WhiteElo "1584"]
[BlackElo "1699"]
[PlyCount "45"]
[EventDate "2016.??.??"]
[EventType "tourn (corr)"]
[EventRounds "6"]
[SourceTitle "Corr 2022"]
[Source "ChessBase"]
[SourceDate "2021.10.24"]
[SourceVersion "1"]
[SourceVersionDate "2021.10.24"]
[SourceQuality "1"]

1. d4 d5 2. c4 e6 3. Nc3 h6 4. Nf3 Nf6 5. cxd5 exd5 6. e3 a6 7. Bd3 Bg4 8. h3 Bxf3 9. Qxf3 Bb4 10. 0-0 Bxc3 11. bxc3 0-0 12. c4 c6 13. a4 Qd7 14. Ba3 Re8 15. Rfc1 Qe6 16. Bf5 Qd7 17. Bxd7 Nbxd7 18. cxd5 Nxd5 19. e4 N5f6 20. Qb3 Ra7 21. d5 Rxe4 22. dxc6 bxc6 23. Rxc6 1-0

[Event "FICGS class C 000238 email"]
[Site "FICGS email"]
[Date "2016.09.17"]
[Round "1"]
[White "Vollmer, Steve"]
[Black "Higuita, Henry"]
[Result "1-0"]
[WhiteElo "1634"]
[BlackElo "1699"]
[PlyCount "125"]
[EventDate "2016.??.??"]
[EventType "tourn (corr)"]
[EventRounds "1"]
[SourceTitle "Corr 2022"]
[Source "ChessBase"]
[SourceDate "2021.10.24"]
[SourceVersion "1"]
[SourceVersionDate "2021.10.24"]
[SourceQuality "1"]

1. d4 d5 2. c4 e6 3. Nc3 Nc6 4. Nf3 h6 5. e4 dxe4 6. Nxe4 Nf6 7. Nc3 Bb4 8. Be3 0-0 9. Bd3 b6 10. 0-0 Bb7 11. Qc2 Ne7 12. Ne4 Nxe4 13. Bxe4 Bxe4 14. Qxe4 Bd6 15. Rfd1 Ng6 16. b3 Re8 17. Ne5 Bxe5 18. dxe5 Qh4 19. Qxh4 Nxh4 20. Rd7 Rac8 21. Rad1 Nf5 22. Bc1 Ne7 23. Bb2 Nc6 24. Bc3 Red8 25. Kf1 Kf8 26. Ke2 Ke8 27. Rxd8+ Rxd8 28. Rxd8+ Kxd8 29. Ke3 Ne7 30. g3 Kd7 31. h4 a5 32. h5 Kc6 33. g4 Kd7 34. f4 g6 35. hxg6 fxg6 36. Ke4 c5 37. Be1 Nc6 38. f5 exf5+ 39. gxf5 gxf5+ 40. Kxf5 Ke7 41. Bh4+ Kf7 42. e6+ Ke8 43. Ke4 Nb4 44. a4 Nc6 45. Bf6 Ne7 46. Ke5 Ng8 47. Bh4 Ne7 48. Kf6 Nc6 49. Bg3 Nd4 50. Bc7 Nxb3 51. Bxb6 h5 52. Bc7 h4 53. Bf4 h3 54. Ke5 Ke7 55. Kd5 Nd4 56. Bd6+ Ke8 57. Kxc5 Nf3 58. Kb6 h2 59. Bxh2 Nxh2 60. c5 Ng4 61. c6 Kd8 62. e7+ Kxe7 63. c7 1-0

[Event "FICGS class D 000209 email"]
[Site "FICGS email"]
[Date "2014.08.13"]
[Round "1"]
[White "Higuita, Henry"]
[Black "Budnar, Milos"]
[Result "1-0"]
[WhiteElo "1597"]
[BlackElo "1463"]
[PlyCount "105"]
[EventDate "2014.??.??"]
[EventType "tourn (corr)"]
[EventRounds "6"]
[SourceTitle "Corr 2022"]
[Source "ChessBase"]
[SourceDate "2021.10.24"]
[SourceVersion "1"]
[SourceVersionDate "2021.10.24"]
[SourceQuality "1"]

1. e4 e5 2. Nf3 Nc6 3. Nc3 Nf6 4. Bb5 Bb4 5. d3 0-0 6. 0-0 d6 7. h3 h6 8. Ne2 Bd7 9. c3 Bc5 10. a4 a6 11. Bc4 Re8 12. b4 Ba7 13. Be3 Bxe3 14. fxe3 Re7 15. Nh2 Be6 16. Bxe6 Rxe6 17. Ng3 g6 18. Ng4 Nxg4 19. Qxg4 Qg5 20. Qxg5 hxg5 21. Rf2 Rc8 22. Raf1 Rf8 23. d4 exd4 24. exd4 Re7 25. Re2 b5 26. axb5 axb5 27. Ra1 f5 28. Ra6 Nd8 29. e5 Re6 30. exd6 Rxd6 31. Rxd6 cxd6 32. Nf1 f4 33. Nd2 Kf7 34. Nf3 Kf6 35. Kf2 Nf7 36. g3 Rc8 37. Rc2 Re8 38. gxf4 gxf4 39. Re2 Rxe2+ 40. Kxe2 Ng5 41. Ng1 Kf5 42. Kd3 d5 43. h4 f3 44. Ke3 f2 45. Kxf2 Ne4+ 46. Ke3 Nxc3 47. Kd3 Ne4 48. Nf3 Nf6 49. Ne5 g5 50. hxg5 Kxg5 51. Nf7+ Kf4 52. Nd6 Kf3 53. Nxb5 1-0

[Event "FICGS class D 000209 email"]
[Site "FICGS email"]
[Date "2014.08.13"]
[Round "1"]
[White "Higuita, Henry"]
[Black "Hilbert, Stephan"]
[Result "1-0"]
[WhiteElo "1597"]
[BlackElo "1499"]
[PlyCount "39"]
[EventDate "2014.??.??"]
[EventType "tourn (corr)"]
[EventRounds "6"]
[SourceTitle "Corr 2022"]
[Source "ChessBase"]
[SourceDate "2021.10.24"]
[SourceVersion "1"]
[SourceVersionDate "2021.10.24"]
[SourceQuality "1"]

1. e4 d5 2. exd5 Qxd5 3. Nc3 Qa5 4. h3 Nf6 5. Nf3 Bf5 6. Be2 c6 7. 0-0 e6 8. d3 Nbd7 9. Bd2 Qc7 10. Qc1 Bc5 11. d4 Bd6 12. Bd3 Bxd3 13. cxd3 0-0 14. Ne4 Rad8 15. Bg5 h6 16. Nxf6+ Nxf6 17. Bxf6 Bf4 18. Bxd8 Bxc1 19. Bxc7 Bxb2 20. Rab1 1-0

[Event "FICGS class D 000209 email"]
[Site "FICGS email"]
[Date "2014.08.13"]
[Round "1"]
[White "Vollmer, Steve"]
[Black "Higuita, Henry"]
[Result "1-0"]
[WhiteElo "1589"]
[BlackElo "1597"]
[PlyCount "65"]
[EventDate "2014.??.??"]
[EventType "tourn (corr)"]
[EventRounds "6"]
[SourceTitle "Corr 2022"]
[Source "ChessBase"]
[SourceDate "2021.10.24"]
[SourceVersion "1"]
[SourceVersionDate "2021.10.24"]
[SourceQuality "1"]

1. d4 d5 2. c4 e6 3. Nc3 Nc6 4. e3 Bb4 5. Nf3 Bxc3+ 6. bxc3 Nf6 7. Bd3 0-0 8. 0-0 h6 9. Qc2 Re8 10. Rb1 e5 11. dxe5 Nxe5 12. Nxe5 Rxe5 13. Ba3 b6 14. cxd5 Qxd5 15. Rfd1 Qc6 16. f3 Rxe3 17. Bb5 Bf5 18. Qxf5 Qxc3 19. Bb2 Qc5 20. Qxc5 bxc5 21. Bxf6 gxf6 22. Bc6 Rc8 23. Rd2 Ra3 24. Rc1 Ra5 25. a4 Rb8 26. Rd5 Ra6 27. Rdxc5 Rab6 28. Be4 Rb4 29. R1c4 Rb2 30. Rxc7 Ra2 31. Rc8+ Rxc8 32. Rxc8+ Kg7 33. Rc4 1-0

[Event "FICGS class C 000196 email"]
[Site "FICGS email"]
[Date "2013.01.10"]
[Round "1"]
[White "Zmolil, Josef"]
[Black "Higuita, Henry"]
[Result "0-1"]
[WhiteElo "1632"]
[BlackElo "1649"]
[PlyCount "22"]
[EventDate "2013.??.??"]
[EventType "tourn (corr)"]
[EventRounds "4"]
[SourceTitle "Corr 2022"]
[Source "ChessBase"]
[SourceDate "2021.10.24"]
[SourceVersion "1"]
[SourceVersionDate "2021.10.24"]
[SourceQuality "1"]

1. e4 e5 2. Nf3 d6 3. d4 exd4 4. Nxd4 Be7 5. c4 Nf6 6. Nc3 0-0 7. Be2 c5 8. Nc2 Nc6 9. 0-0 Be6 10. Bf4 a6 11. Qd2 Ne5 0-1

[Event "FICGS class C 000189 email"]
[Site "FICGS email"]
[Date "2012.04.29"]
[Round "1"]
[White "Higuita, Henry"]
[Black "Roe, Philip"]
[Result "0-1"]
[WhiteElo "1666"]
[BlackElo "1776"]
[PlyCount "88"]
[EventDate "2012.??.??"]
[EventType "tourn (corr)"]
[EventRounds "4"]
[SourceTitle "Corr 2022"]
[Source "ChessBase"]
[SourceDate "2021.10.24"]
[SourceVersion "1"]
[SourceVersionDate "2021.10.24"]
[SourceQuality "1"]

1. e4 e5 2. Nf3 Nc6 3. Bc4 Nf6 4. d3 Be7 5. c3 0-0 6. a3 d5 7. exd5 Nxd5 8. h3 Nb6 9. Ba2 Bf5 10. d4 exd4 11. cxd4 Bf6 12. Be3 Qd7 13. Nc3 Rad8 14. Ne2 Be4 15. Ng3 Bxf3 16. Qxf3 Bxd4 17. Rd1 Qe8 18. 0-0 Bxb2 19. Bc5 Bd4 20. Bxf8 Qxf8 21. Nf5 Be5 22. Rxd8 Qxd8 23. Rd1 Qf6 24. Nh4 Qxf3 25. Nxf3 Bf6 26. Ne1 Nd4 27. Nd3 Na4 28. Nb4 Nc3 29. Rd2 Bg5 30. Rd3 c5 31. Bc4 Nce2+ 32. Kf1 b5 33. Bxf7+ Kxf7 34. Nd5 a5 35. g3 Bc1 36. Nc3 c4 37. Nxe2 cxd3 38. Nxd4 Bxa3 39. Nxb5 Bb4 40. f4 a4 41. Nd4 a3 42. Nb3 Ke6 43. Kf2 Kd5 44. Ke3 Kc4 0-1

[Event "FICGS class C 000147 email"]
[Site "FICGS email"]
[Date "2010.06.04"]
[Round "1"]
[White "Hoe, Yu Ming"]
[Black "Higuita, Henry"]
[Result "1-0"]
[WhiteElo "1800"]
[BlackElo "1622"]
[PlyCount "53"]
[EventDate "2010.??.??"]
[EventType "tourn (corr)"]
[EventRounds "6"]
[SourceTitle "Corr 2013"]
[Source "ChessBase"]
[SourceDate "2012.11.12"]
[SourceVersion "1"]
[SourceVersionDate "2012.11.12"]
[SourceQuality "1"]

1. e4 e5 2. Nf3 d6 3. d4 exd4 4. Nxd4 h6 5. Nc3 Nf6 6. Bb5+ Bd7 7. 0-0 Bxb5 8. Ndxb5 Nbd7 9. Nd5 Nxd5 10. exd5 Be7 11. Qg4 g6 12. Be3 a6 13. Nc3 Ne5 14. Qb4 Qc8 15. Rae1 c5 16. dxc6 Qxc6 17. f4 Nc4 18. Bd4 Kd7 19. b3 a5 20. Qxc4 Qxc4 21. bxc4 Rhc8 22. Nd5 Bd8 23. Bb6 Rc6 24. Bxd8 Rxd8 25. Re7+ Kc8 26. Rfe1 f5 27. Rb1 1-0

[Event "FICGS class C 000126 email"]
[Site "FICGS email"]
[Date "2009.10.12"]
[Round "1"]
[White "Geguchadze, Sandro"]
[Black "Higuita, Henry"]
[Result "0-1"]
[WhiteElo "1800"]
[BlackElo "1606"]
[PlyCount "22"]
[EventDate "2009.??.??"]
[EventType "tourn (corr)"]
[EventRounds "4"]
[SourceTitle "Corr 2022"]
[Source "ChessBase"]
[SourceDate "2021.10.24"]
[SourceVersion "1"]
[SourceVersionDate "2021.10.24"]
[SourceQuality "1"]

1. e4 e5 2. d4 exd4 3. Nf3 Bc5 4. Nxd4 Bxd4 5. Qxd4 Nc6 6. Qxg7 Qf6 7. Qxf6 Nxf6 8. Bd3 a6 9. Bd2 d6 10. f4 Bd7 11. Bc3 Ke7 0-1

[Event "FICGS class E 000102 email"]
[Site "FICGS email"]
[Date "2009.03.18"]
[Round "1"]
[White "Hakkinen, Jorma"]
[Black "Higuita, Henry"]
[Result "0-1"]
[WhiteElo "1400"]
[BlackElo "1501"]
[PlyCount "82"]
[EventDate "2009.??.??"]
[EventType "tourn (corr)"]
[EventRounds "5"]
[SourceTitle "Corr 2022"]
[Source "ChessBase"]
[SourceDate "2021.10.24"]
[SourceVersion "1"]
[SourceVersionDate "2021.10.24"]
[SourceQuality "1"]

1. d4 d5 2. Nf3 Nc6 3. Nc3 e6 4. a3 h6 5. e4 a6 6. Bd3 dxe4 7. Bxe4 Bd7 8. 0-0 Nf6 9. Be3 Nxe4 10. Nxe4 Be7 11. c4 Bf6 12. b4 b5 13. c5 a5 14. Qd2 a4 15. Rfd1 Qe7 16. Nxf6+ Qxf6 17. d5 Ne5 18. Nxe5 Qxe5 19. dxe6 Bxe6 20. Bf4 Qf6 21. Bxc7 0-0 22. Bd6 Rfd8 23. Qf4 Qg6 24. g3 Rac8 25. Be7 Re8 26. Bd6 Bh3 27. Rd2 Re4 28. Rf1 Rxf4 29. Bxf4 Bxf1 30. Kxf1 Re8 31. Rd6 Qb1+ 32. Kg2 Re1 33. c6 g5 34. c7 Rc1 35. Rd8+ Kh7 36. c8Q Rxc8 37. Rxc8 gxf4 38. Rc7 Qe4+ 39. Kg1 f3 40. Rxf7+ Kg6 41. Rf4 Qe1# 0-1

[Event "FICGS class E 000102 email"]
[Site "FICGS email"]
[Date "2009.03.18"]
[Round "1"]
[White "Higuita, Henry"]
[Black "Price, Eric A Sr"]
[Result "0-1"]
[WhiteElo "1501"]
[BlackElo "1476"]
[PlyCount "38"]
[EventDate "2009.??.??"]
[EventType "tourn (corr)"]
[EventRounds "5"]
[SourceTitle "Corr 2022"]
[Source "ChessBase"]
[SourceDate "2021.10.24"]
[SourceVersion "1"]
[SourceVersionDate "2021.10.24"]
[SourceQuality "1"]

1. e4 e5 2. Nf3 Nc6 3. Bc4 Nf6 4. d3 h6 5. h3 Be7 6. 0-0 0-0 7. a3 d5 8. Nc3 dxc4 9. dxc4 Be6 10. Qe2 Nd4 11. Rd1 Nxe2+ 12. Kh2 Qc8 13. Nxe2 Nxe4 14. Be3 Bf6 15. b3 Rd8 16. Re1 Ng5 17. Bxg5 Bxg5 18. Nxe5 Rd2 19. Ra2 Qd8 0-1